|
|
|
|
| LEADER |
00686cam a2200193 7i4500 |
| 001 |
0000002643 |
| 005 |
20090608090000.0 |
| 020 |
|
|
|a 9780071405911
|
| 020 |
|
|
|a 0071405917 (pbk.)
|
| 090 |
0 |
0 |
|a HF5383
|b .G74 2004
|
| 245 |
0 |
4 |
|a The guide to basic resume writing
|c The Public Library Association and the editors of VGM Career Books.
|
| 250 |
|
|
|a 2nd ed.
|
| 260 |
|
|
|a Chicago:
|b VGM Career Books,
|c 2004.
|
| 300 |
|
|
|a xi,131p.;
|c 28 cm.
|
| 504 |
|
|
|a Includes bibliographical references
|
| 650 |
0 |
0 |
|a Resume (Employment) --
|x Handbooks, manuals, etc
|
| 710 |
2 |
|
|a VGM Career Books (Firm)
|
| 710 |
2 |
|
|a Public Library Association
|
| 999 |
|
|
|a 0000010137
|b BOK
|c REFERENCE
|e Ground Floor, Bestari Jaya
|